00000000nam 2200000zi 4500
0019.948933
003CaOODSP
00520250820092907
006m     o  d f      
007cr mn|||||||||
008250307e202504##onc     o    f000 0 eng d
020 |a9780660763101
040 |aCaOODSP|beng|erda|cCaOODSP
043 |an-cn---
0861 |aHP40-251/5-2024E-PDF
24500|a2023-2024 progress report : |bGovernment of Canada five-year action plan on sexually transmitted and blood-borne infections.
264 1|aOttawa, ON : |bGovernment of Canada = Gouvernement du Canada, |cApril 2025.
264 4|c©2025
300 |a1 online resource (ii, 29 pages)
336 |atext|btxt|2rdacontent
337 |acomputer|bc|2rdamedia
338 |aonline resource|bcr|2rdacarrier
500 |aCover title.
500 |aIssued also in French under title: Rapport d'étape 2023-2024 : plan d'action quinquennal du gouvernement du Canada sur les infections transmissibles sexuellement et par le sang.
520 |a"The Government of Canada remains dedicated to reducing the burden of sexually transmitted and blood-borne infections (STBBI) among people living in Canada. Canada is committed to accelerating efforts and achieving strategic goals laid out by the World Health Organization and the Joint United Nations Programme on HIV/AIDS"--Foreword, page 2.
650 0|aSexually transmitted diseases|xGovernment policy|zCanada.
650 0|aBloodborne infections|xGovernment policy|zCanada.
7102 |aPublic Health Agency of Canada, |eissuing body.
77508|tRapport d'étape 2023-2024 : |w(CaOODSP)9.948934
795 |t2022-2023 progress report : |b2024|w(CaOODSP)9.940277
85640|qPDF|s337 KB|uhttps://publications.gc.ca/collections/collection_2025/aspc-phac/HP40-251-5-2024-eng.pdf
8564 |qHTML|sN/A|uhttps://www.canada.ca/en/public-health/services/publications/diseases-conditions/2023-2024-progress-report-sexually-transmitted-blood-borne-infections.html
986 |a240962